[Event "Guillermo Garcia Memorial op"]
[Site "Santa Clara"]
[Date "2022.05.07"]
[Round "7"]
[White "Baeza, Patricio"]
[Black "Armas Alfonso, Giselle"]
[Result "1-0"]
[WhiteElo "1711"]
[BlackElo "1958"]
[PlyCount "57"]
[EventDate "2022.04.30"]
[EventType "swiss"]
[EventRounds "9"]
[EventCountry "CUB"]
[SourceTitle "CBM 208 Extra"]
[Source "ChessBase"]
[SourceDate "2022.07.31"]
[SourceVersion "1"]
[SourceVersionDate "2022.07.31"]
[SourceQuality "1"]

1. e4 e5 2. Nf3 Nc6 3. d4 exd4 4. Bc4 Nf6 5. e5 d5 6. Bb5 Ne4 7. Nxd4 Bc5 8. 0-0 Bd7 9. Bxc6 bxc6 10. f3 Ng5 11. Be3 Bb6 12. f4 Ne4 13. Nd2 Nxd2 14. Qxd2 c5 15. Nf3 d4 16. Bf2 0-0 17. a4 a5 18. Qd3 Qc8 19. Nh4 f6 20. f5 fxe5 21. Bg3 Qd8 22. Rae1 Kh8 23. Rxe5 Bxa4 24. Ng6+ hxg6 25. fxg6 Rxf1+ 26. Qxf1 Qf6 27. Rh5+ Kg8 28. Qc4+ Kf8 29. Qxa4 1-0

[Event "Guillermo Garcia Memorial op"]
[Site "Santa Clara"]
[Date "2022.05.06"]
[Round "6"]
[White "Armas Alfonso, Giselle"]
[Black "Duarte Napoles, Fanny"]
[Result "0-1"]
[WhiteElo "1958"]
[BlackElo "2245"]
[PlyCount "40"]
[EventDate "2022.04.30"]
[EventType "swiss"]
[EventRounds "9"]
[EventCountry "CUB"]
[SourceTitle "CBM 208 Extra"]
[Source "ChessBase"]
[SourceDate "2022.07.31"]
[SourceVersion "1"]
[SourceVersionDate "2022.07.31"]
[SourceQuality "1"]

1. e4 c5 2. Nf3 e6 3. d3 d5 4. Nbd2 Nc6 5. g3 g6 6. Bg2 Bg7 7. 0-0 Nge7 8. Re1 b6 9. exd5 exd5 10. c4 0-0 11. Nh4 Be6 12. cxd5 Nxd5 13. Ne4 Ndb4 14. Bg5 f6 15. Bf4 Nd4 16. Nc3 Bf7 17. Bxa8 Qxa8 18. Re7 g5 19. Qg4 gxh4 20. Bh6 Nf3+ 0-1

[Event "Guillermo Garcia Memorial op"]
[Site "Santa Clara"]
[Date "2022.04.30"]
[Round "1"]
[White "Armas Alfonso, Giselle"]
[Black "Cabrera Gonzalez, Maximo Ariel"]
[Result "0-1"]
[WhiteElo "1958"]
[BlackElo "2250"]
[PlyCount "114"]
[EventDate "2022.04.30"]
[EventType "swiss"]
[EventRounds "9"]
[EventCountry "CUB"]
[SourceTitle "CBM 208 Extra"]
[Source "ChessBase"]
[SourceDate "2022.07.31"]
[SourceVersion "1"]
[SourceVersionDate "2022.07.31"]
[SourceQuality "1"]

1. e4 d5 2. exd5 Qxd5 3. Nc3 Qa5 4. d4 Nf6 5. Nf3 Bg4 6. h3 Bh5 7. Bd2 e6 8. g4 Bg6 9. Ne5 c6 10. h4 Bb4 11. Bg2 Qb6 12. Nxg6 hxg6 13. g5 Nd5 14. Nxd5 cxd5 15. c3 Bd6 16. Rb1 Nc6 17. h5 gxh5 18. Rxh5 0-0-0 19. Qg4 Ne7 20. Rxh8 Rxh8 21. c4 Bb4 22. cxd5 Bxd2+ 23. Kxd2 Nf5 24. dxe6 fxe6 25. Rc1+ Kd8 26. Qe4 Qxb2+ 27. Rc2 Qxd4+ 28. Qxd4+ Nxd4 29. Rc4 Nf5 30. Bxb7 Nd6 31. Rb4 Rh5 32. Bf3 Rxg5 33. Rb8+ Ke7 34. Bd1 Ra5 35. Bb3 Ne4+ 36. Ke3 Nc3 37. Rb7+ Kf6 38. Rb8 Nxa2 39. Rf8+ Ke7 40. Rb8 Nc3 41. Rb7+ Kf6 42. Kd4 Ne2+ 43. Ke3 Re5+ 44. Kd2 Nd4 45. Bc4 a5 46. Kd3 Nc6 47. Rb6 Nb4+ 48. Kd4 Nc2+ 49. Kc3 Ne1 50. Ra6 Nf3 51. Kd3 g5 52. Bxe6 Rxe6 53. Rxa5 Kg6 54. Ra2 Kh5 55. Re2 Rxe2 56. Kxe2 Kg4 57. Ke3 Ng1 0-1

[Event "Guillermo Garcia Memorial op 26th"]
[Site "Santa Clara"]
[Date "2017.05.19"]
[Round "4"]
[White "Armas Alfonso, Giselle"]
[Black "Chaviano Espina, Miguel Orlando"]
[Result "1/2-1/2"]
[WhiteElo "2054"]
[BlackElo "2195"]
[PlyCount "122"]
[EventDate "2017.05.16"]
[EventType "swiss"]
[EventRounds "9"]
[EventCountry "CUB"]
[SourceTitle "CBM 178 Extra"]
[Source "ChessBase"]
[SourceDate "2017.06.22"]
[SourceVersion "1"]
[SourceVersionDate "2017.06.22"]
[SourceQuality "1"]

1. e4 g6 2. Nf3 Bg7 3. g3 c5 4. d3 Nc6 5. Bg2 d6 6. 0-0 e5 7. Nc3 Nge7 8. Ne2 0-0 9. c3 d5 10. Nh4 Bg4 11. f3 Be6 12. f4 dxe4 13. dxe4 exf4 14. Bxf4 Bc4 15. Qc2 Ne5 16. Rfd1 Qc7 17. b3 Be6 18. Nf3 Bg4 19. Rac1 Rad8 20. Rxd8 Rxd8 21. Nxe5 Bxe5 22. Bxe5 Qxe5 23. Nf4 Be6 24. Rd1 Rxd1+ 25. Qxd1 Nc6 26. Nxe6 Qxe6 27. Qd5 Qe5 28. Qxe5 Nxe5 29. Bf1 Kg7 30. Be2 Kf6 31. Kf2 Nc6 32. Ke3 b6 33. Bc4 Ne5 34. Be2 g5 35. h3 h6 36. Ba6 Ke6 37. Bc8+ Kd6 38. Bb7 f6 39. Bd5 Ng6 40. Bf7 Ne7 41. Bc4 Ke5 42. Bb5 Nc8 43. Bc6 Nd6 44. Kf3 a6 45. Ke3 a5 46. a4 Ke6 47. Kd3 c4+ 48. bxc4 Ke5 49. Bd5 h5 50. Ke3 f5 51. exf5 Nxf5+ 52. Kf3 h4 53. gxh4 Nxh4+ 54. Kg4 Kf6 55. Be4 Ng6 56. Bxg6 Kxg6 57. Kf3 Kh5 58. Kg3 Kg6 59. Kg4 Kf6 60. Kg3 Kg6 61. Kg4 Kf6 1/2-1/2

[Event "Guillermo Garcia Memorial op 26th"]
[Site "Santa Clara"]
[Date "2017.05.17"]
[Round "2"]
[White "Armas Alfonso, Giselle"]
[Black "Leon Valdes, Jony Wilson"]
[Result "0-1"]
[WhiteElo "2054"]
[BlackElo "2374"]
[PlyCount "86"]
[EventDate "2017.05.16"]
[EventType "swiss"]
[EventRounds "9"]
[EventCountry "CUB"]
[SourceTitle "CBM 178 Extra"]
[Source "ChessBase"]
[SourceDate "2017.06.22"]
[SourceVersion "1"]
[SourceVersionDate "2017.06.22"]
[SourceQuality "1"]

1. e4 e6 2. d3 d5 3. Nd2 c5 4. Ngf3 Nc6 5. g3 Bd6 6. Bg2 Nge7 7. 0-0 0-0 8. Re1 Bc7 9. c3 d4 10. Nb3 b6 11. e5 dxc3 12. bxc3 Ba6 13. d4 cxd4 14. cxd4 Qd7 15. Ba3 Rfd8 16. Qc2 h6 17. Rac1 Rac8 18. d5 exd5 19. e6 Qe8 20. exf7+ Qxf7 21. Bh3 Qxf3 22. Re3 Qf6 23. Bxc8 Rxc8 24. Rce1 Qf5 25. Qc3 d4 26. Nxd4 Nxd4 27. Qxd4 Ng6 28. Bb2 Be5 29. Qd5+ Kh7 30. Bxe5 Rc5 31. Qd4 Qf7 32. Qd6 Rc2 33. Bf4 Qxa2 34. Ra3 Qc4 35. Qe6 Qxe6 36. Rxe6 Bb7 37. Be3 Rb2 38. Kf1 Bc8 39. Rc6 Bh3+ 40. Ke1 Ne5 41. Rc7 Bg4 42. Raxa7 Nd3+ 43. Kf1 Bh3+ 0-1

[Event "Capablanca Memorial op-B 48th"]
[Site "Havana"]
[Date "2013.04.29"]
[Round "8"]
[White "Armas Alfonso, Giselle"]
[Black "Nunez Marquina, Nataly Massiel"]
[Result "0-1"]
[WhiteElo "2093"]
[BlackElo "1942"]
[PlyCount "146"]
[EventDate "2013.04.21"]
[EventType "swiss"]
[EventRounds "9"]
[EventCountry "CUB"]
[SourceTitle "CBM 154 Extra"]
[Source "ChessBase"]
[SourceDate "2013.06.25"]
[SourceVersion "2"]
[SourceVersionDate "2013.06.25"]
[SourceQuality "1"]

1. e4 c5 2. Nf3 e6 3. d3 Nc6 4. g3 g6 5. Bg2 Bg7 6. 0-0 Nge7 7. Re1 d6 8. Nbd2 0-0 9. Nf1 Rb8 10. h4 h5 11. Ng5 e5 12. Nh2 f6 13. Nh3 Nd4 14. c3 Ne6 15. Be3 Nc6 16. f4 Qe8 17. Bf3 Bh6 18. f5 Bxe3+ 19. Rxe3 Ng7 20. g4 b5 21. Re2 hxg4 22. Nxg4 gxf5 23. exf5 Ne7 24. Qb3+ Kh8 25. Nh6 Nexf5 26. Nxf5 Bxf5 27. Nf4 Ne6 28. Bh5 Rg8+ 29. Kh2 Qe7 30. Nxe6 Bxe6 31. Qd1 Qg7 32. Qe1 Bg4 33. Rg2 f5 34. Bxg4 fxg4 35. Qg3 Rbf8 36. Rag1 Rf4 37. Rf2 Qh6 38. Rgf1 Rgf8 39. Kg2 Kh7 40. d4 Rxf2+ 41. Rxf2 Rxf2+ 42. Qxf2 cxd4 43. cxd4 Qf4 44. dxe5 Qxe5 45. Qxa7+ Kh6 46. Qf2 Kh5 47. b3 b4 48. Qd2 Qc5 49. Qf4 Qc2+ 50. Kg3 Qd3+ 51. Kf2 Qc2+ 52. Kg3 Qc3+ 53. Kf2 Qc5+ 54. Kg2 Qd5+ 55. Kf2 Kxh4 56. Qh6+ Qh5 57. Qxd6 Qf5+ 58. Ke2 Qf3+ 59. Kd2 Qc3+ 60. Ke2 Kh3 61. Qd5 Kh2 62. Qh5+ Kg3 63. Qg6 Qf3+ 64. Ke1 Kg2 65. Qc2+ Kg3 66. Qc7+ Qf4 67. Qd7 Qe4+ 68. Kd2 Kg2 69. Kc1 g3 70. Qd2+ Kf1 71. Qd6 Qe1+ 72. Kc2 g2 73. Qd3+ Qe2+ 0-1